Word Ladder: Adult Beverages Quiz Stats

 Plays Quiz Updated Jul 1, 2014

Support Sporcle.
Go Orange.
Score 0/31 Timer 03:00
2 Plays Today
Hint Four Letter Word % Correct
Break into a computer HACK
96.6%
____ DanielsJACK
96%
Under the weatherSICK
92.8%
Pinot Noir or Cabernet WINE
92.6%
Move to the ocean's bottomSINK
92.3%
Bacardi and Captain MorganRUMS
92%
Heineken or BudweiserBEER
91.4%
Competes in a marathon RUNS
91.4%
The outer edges of basketball hoopsRIMS
90.7%
Greed, lust, envy, etc.SINS
90.2%
The father in 'King of the Hill'HANK
89.6%
Might be smelly in a locker roomSOCK
89%
Happily ____ AfterEVER
88.4%
Might be smelly in a locker roomJOCK
87.6%
A stream of airWIND
87.4%
With the last rung, a post-drinking night effectHANG
87.2%
Hint Four Letter Word % Correct
Tanqueray and Bombay SapphireGINS
86%
ArmsGUNS
84.6%
December 24th and 31stEVES
84.1%
Having a large girthWIDE
84%
With the first rung, a post-drinking night effectOVER
83.4%
A type of tight hugBEAR
82.5%
Amusement park sightRIDE
81.4%
To tie up or fasten togetherBIND
80.6%
Disposes ofRIDS
80.2%
Imitate Beckham?BEND
77.9%
PeepersEYES
77%
Defeat BEAT
75.9%
Partner of the birdsBEES
73.2%
Advances to next level in a bracket without playingBYES
70.8%
Matchbox Twenty songBENT
66.3%

Today's Daily Dose

You're not logged in!

Compare scores with friends on all Sporcle quizzes.
OR
Log In

From the Vault

Sunday Crossword: You Do the Math

by Jibby

It's not because we can't do the math. We just don't really feel like it.
Remove Ads.
Support Sporcle.
Get the best of Sporcle when you Go Orange. This ad-free experience offers more features, more stats, and more fun while also helping to support Sporcle. Thank you for becoming a member.

Show Comments

Extras

Top Quizzes Today


Score Distribution

Your Account Isn't Verified!

In order to create a playlist on Sporcle, you need to verify the email address you used during registration. Go to your Sporcle Settings to finish the process.

Report this User

Report this user for behavior that violates our Community Guidelines.

Details: